| 000 | 00714nam a2200241Ia 4500 | ||
|---|---|---|---|
| 003 | OSt | ||
| 005 | 20260417173053.0 | ||
| 006 | a|||||r|||| 00| 0 | ||
| 007 | ta | ||
| 008 | 220926b |||||||| |||| 00| 0 eng d | ||
| 024 | _a7011 | ||
| 037 | _cTheses | ||
| 040 |
_aCRL _cCRL _beng |
||
| 041 |
_2eng _aeng |
||
| 100 | _aRamjas | ||
| 110 | _aUniversity of Delhi. Faculty of Commerce and Business. Department of Commerce | ||
| 245 | 0 |
_aTrade union and productivity _b A study of selected industrries in India |
|
| 260 | _c1987 | ||
| 650 | _aCOMMERCE | ||
| 700 | _aUniversity of Delhi. Faculty of Commerce and Business. Department of Commerce | ||
| 942 |
_cTH _2CC |
||
| 999 |
_c860923 _d860923 |
||